Statistics for Top 26 In The Eurovision Finals 2021

Click here to take the quiz!

General Stats

  • This quiz has been taken 102 times
  • The average score is 16 of 26

Answer Stats

PlaceCountryPoints Gained% Correct
1stItaly524 Points
100%
2ndFrance499 Points
88%
3rdSwitzerland432 Points
84%
25thGermany3 Points
76%
5thUkraine364 Points
76%
26thUnited Kingdom0 Points
76%
23rdNetherlands11 Points
72%
24thSpain6 Points
72%
6thFinland301 Points
64%
4thIceland378 Points
64%
14thSweden109 Points
64%
20thAzerbaijan65 Points
60%
7thMalta255 Points
60%
13thMoldova115 Points
60%
11thBulgaria170 Points
56%
8thLithuania220 Points
56%
18thNorway75 Points
56%
12thPortugal153 Points
56%
9thRussia204 Points
56%
22ndSan Marino50 Points
52%
21stAlbania57 Points
48%
19thBelgium74 Points
48%
10thGreece170 Points
48%
17thIsrael93 Points
48%
15thSerbia102 Points
48%
16thCyprus94 Points
36%

Score Distribution

Percentile by Number Answered

Percent of People with Each Score

Your Score History

You have not taken this quiz